000 00551nam a2200229Ia 4500
003 OSt
005 20220924151712.0
006 a|||||r|||| 00| 0
007 ta
008 220923b |||||||| |||| 00| 0 tel d
024 _a338753
037 _cTextual
040 _aARTS
_cARTS
_btel
041 _2tel
_atel
082 _aR5, 35N3
100 _aVeerabhadryna
_9224790
245 0 _aKalatattva sastram
260 _c1993
650 _aPHILOSOPHY
942 _hR5, 35N3
_cTEXL
_2CC
999 _c467456
_d467456